[Event "CUB-ch sf"]
[Site "Villa Clara"]
[Date "1995.??.??"]
[Round "2"]
[White "Diaz Labrada, Augusto"]
[Black "Hernandez, Amaury"]
[Result "0-1"]
[WhiteElo "2330"]
[BlackElo "2205"]
[PlyCount "80"]
[EventDate "1995.??.??"]
[EventType "swiss"]
[EventRounds "9"]
[EventCountry "CUB"]
[SourceTitle "EXT 1997"]
[Source "ChessBase"]
[SourceDate "1996.11.15"]
[SourceVersion "1"]
[SourceVersionDate "1996.11.15"]
[SourceQuality "1"]

1. c4 e5 2. Nc3 Nf6 3. Nf3 Nc6 4. g3 Bc5 5. Bg2 d6 6. 0-0 0-0 7. d3 a6 8. a3 Ba7 9. b4 Nd4 10. Nd2 c6 11. h3 Nf5 12. Kh2 h6 13. Bb2 Re8 14. Rc1 Nh7 15. Nb3 Qg5 16. c5 d5 17. e4 dxe4 18. Nxe4 Qg6 19. Na5 Bb8 20. Qe2 Rd8 21. Rfe1 f6 22. Rcd1 Qf7 23. Nc4 Be6 24. Nb6 Ra7 25. Ra1 a5 26. Bc3 Nd4 27. Bxd4 Rxd4 28. Qd2 f5 29. Nd6 Bxd6 30. cxd6 e4 31. bxa5 Rxd6 32. Qf4 Rd8 33. dxe4 Rxa5 34. exf5 Rxf5 35. Qe3 Re8 36. f4 Nf6 37. Qd4 Rb5 38. g4 Qc7 39. Nc4 Rd8 40. Qc3 Qxf4+ 0-1

[Event "CUB-ch sf"]
[Site "Villa Clara"]
[Date "1995.??.??"]
[Round "9"]
[White "Hernandez, Amaury"]
[Black "Espinosa Flores, Rafael Emilio"]
[Result "1-0"]
[WhiteElo "2205"]
[BlackElo "2405"]
[PlyCount "77"]
[EventDate "1995.??.??"]
[EventType "swiss"]
[EventRounds "9"]
[EventCountry "CUB"]
[SourceTitle "EXT 1997"]
[Source "ChessBase"]
[SourceDate "1996.11.15"]
[SourceVersion "1"]
[SourceVersionDate "1996.11.15"]
[SourceQuality "1"]

1. e4 d6 2. d4 Nf6 3. Nc3 c6 4. h3 g6 5. a4 Qa5 6. Bd2 Bg7 7. Nf3 0-0 8. Be2 Qc7 9. 0-0 Nbd7 10. Qc1 Re8 11. Bh6 Bh8 12. Ng5 Nf8 13. f4 Qb6 14. Nf3 Nh5 15. a5 Qc7 16. Kh2 e5 17. dxe5 dxe5 18. f5 Nf4 19. Bc4 gxf5 20. g3 fxe4 21. Ng5 Be6 22. Bxe6 N4xe6 23. Rxf7 Re7 24. Rf2 Bg7 25. Bxg7 Rxg7 26. Ngxe4 Nd7 27. Qe3 a6 28. Rd1 Rf8 29. Rxf8+ Nexf8 30. b4 Rg6 31. Na4 Nf6 32. Nac5 Nd5 33. Qe1 Qf7 34. c4 Ne7 35. Nd6 Qf3 36. Rd3 Qh5 37. Qf1 Rg7 38. Rf3 Neg6 39. Ne8 1-0

[Event "CUB-ch sf"]
[Site "Villa Clara"]
[Date "1995.??.??"]
[Round "6"]
[White "Paneque, Pedro"]
[Black "Hernandez, Amaury"]
[Result "1/2-1/2"]
[WhiteElo "2410"]
[BlackElo "2205"]
[PlyCount "109"]
[EventDate "1995.??.??"]
[EventType "swiss"]
[EventRounds "9"]
[EventCountry "CUB"]
[SourceTitle "EXT 1997"]
[Source "ChessBase"]
[SourceDate "1996.11.15"]
[SourceVersion "1"]
[SourceVersionDate "1996.11.15"]
[SourceQuality "1"]

1. c4 Nf6 2. Nc3 e5 3. Nf3 Nc6 4. g3 Bc5 5. Bg2 d6 6. 0-0 0-0 7. d3 a6 8. a3 Nd4 9. e3 Nxf3+ 10. Bxf3 c6 11. d4 Bb6 12. b4 Re8 13. dxe5 dxe5 14. Qc2 Qe7 15. Bb2 Bh3 16. Rfd1 Bg4 17. Bxg4 Nxg4 18. c5 Bc7 19. e4 Qe6 20. Qe2 Nf6 21. Rd3 Rad8 22. Rad1 Rxd3 23. Rxd3 Rd8 24. Rxd8+ Bxd8 25. f3 h5 26. Nd1 Nd7 27. Kg2 Bg5 28. Ne3 Bxe3 29. Qxe3 Qa2 30. Qf2 f6 31. Bc1 Qc4 32. Bb2 Nf8 33. Qd2 Ne6 34. h4 a5 35. Kf2 Kh7 36. Kg2 axb4 37. axb4 Nc7 38. Kf2 Nb5 39. Kg2 Qa2 40. Bc1 Qe6 41. Bb2 Kg6 42. Kh2 Kf7 43. Kg2 Ke7 44. Kh2 Qc4 45. Kg2 Ke8 46. Kf2 Nd4 47. Bc3 Nb5 48. Bb2 Qe6 49. Kg2 Qa2 50. Kf2 Na3 51. Bc3 Qc4 52. Bb2 Nb5 53. Kg2 Qa2 54. Kf2 Qc4 55. Kg2 1/2-1/2